Statistics for Cold War Communist Countries

Click here to take the quiz!

General Stats

  • This quiz has been taken 2,283 times
  • The average score is 7 of 9

Answer Stats

Answer% Correct
Soviet Union
94%
Poland
88%
Hungary
84%
Romania
84%
Yugoslavia
82%
Bulgaria
81%
East Germany
81%
Czechoslovakia
79%
Albania
76%

Score Distribution

Percentile by Number Answered

Percent of People with Each Score

Your Score History

You have not taken this quiz